Statistics for Countries Closest to Syria - 30 Second Sprint

Click here to take the quiz!

General Stats

  • This quiz has been taken 63 times
  • The average score is 10 of 20

Answer Stats

kmcountrymiles% Correct
0Lebanon0
92%
0Israel0
90%
0Turkey0
90%
0Iraq0
88%
0Jordan0
88%
181Iran113
78%
91Saudi Arabia57
75%
103Cyprus64
57%
215Egypt134
55%
761Kuwait473
47%
335Armenia208
41%
331Azerbaijan205
39%
437Georgia272
39%
555Greece345
37%
44Palestine27
33%
1007Libya626
22%
582Russia361
22%
1148Sudan714
14%
1003Kazakhstan623
2%
956Turkmenistan594
0%

Score Distribution

Percentile by Number Answered

Percent of People with Each Score

Your Score History

You have not taken this quiz